[Event "Paul Keres Memorial-U20 Girls 2020"]
[Site "Parnu"]
[Date "2020.07.30"]
[Round "5.3"]
[White "Tonso, Liina"]
[Black "Kiolbasa, Oliwia"]
[Result "0-1"]
[WhiteElo "1862"]
[BlackElo "2160"]
[Annotator "ChessBase"]
[PlyCount "78"]
[EventDate "2020.07.27"]
[EventType "tourn"]
[EventCountry "EST"]
[SourceTitle "playchess.com"]
[Source "ChessBase"]
[SourceQuality "1"]
[TimeControl "5400+30"]

1. d4 {[%emt 0:00:00]} d5 {[%emt 0:00:22]} 2. c4 {[%emt 0:00:44]} dxc4 {[%emt 0:00:13]} 3. e3 {[%emt 0:01:29]} Nf6 {[%emt 0:00:31]} 4. Bxc4 {[%emt 0:01:34]} g6 {[%emt 0:00:18]} 5. Nc3 {[%emt 0:02:30]} Bg7 {[%emt 0:01:10]} 6. Nf3 {[%emt 0:01:32]} O-O {[%emt 0:01:12]} 7. O-O {[%emt 0:02:23]} Ne8 {[%emt 0:00:46]} 8. b4 {[%emt 0:09:22]} Nd6 {[%emt 0:03:26]} 9. Bb3 {[%emt 0:08:39]} Nc6 {[%emt 0:11:20]} 10. a3 {[%emt 0:04:16]} e5 {[%emt 0:14:17]} 11. dxe5 {[%emt 0:05:59]} Nxe5 {[%emt 0:00:12]} 12. Nxe5 {[%emt 0:01:32]} Bxe5 {[%emt 0:00:09]} 13. Bb2 {[%emt 0:01:13]} c6 {[%emt 0:05:02]} 14. Qe2 {[%emt 0:04:44]} Qe7 {[%emt 0:06:33]} 15. Na4 {[%emt 0:06:20]} Ne4 {[%emt 0:03:32]} 16. Bxe5 {[%emt 0:05:25]} Qxe5 {[%emt 0:00:09]} 17. f3 {[%emt 0:02:41]} Nc3 {[%emt 0:06:51]} 18. Qf2 {[%emt 0:04:54]} Nxa4 {[%emt 0:05:59]} 19. Bxa4 {[%emt 0:00:06]} a5 {[%emt 0:00:06]} 20. Qe1 {[%emt 0:11:20]} axb4 {[%emt 0:09:15]} 21. axb4 {[%emt 0:01:34]} Re8 {[%emt 0:04:05]} 22. e4 {[%emt 0:04:09]} b5 {[%emt 0:01:33]} 23. Bb3 {[%emt 0:00:48]} Qd4+ {[%emt 0:00:22]} 24. Kh1 {[%emt 0:00:13]} Rxa1 {[%emt 0:00:44]} 25. Qxa1 {[%emt 0:00:05]} Qxb4 {[%emt 0:00:12]} 26. Qa2 {[%emt 0:00:54]} Qe7 {[%emt 0:02:44]} 27. Rc1 {[%emt 0:01:23]} c5 {[%emt 0:02:19]} 28. Bd5 {[%emt 0:01:09]} c4 {[%emt 0:01:15]} 29. Qa5 {[%emt 0:02:02]} Bd7 {[%emt 0:01:16]} 30. Qb6 {[%emt 0:02:07]} Kg7 {[%emt 0:02:58]} 31. h3 {[%emt 0:01:15]} Rc8 {[%emt 0:03:33]} 32. Qd4+ {[%emt 0:01:14]} Kg8 {[%emt 0:00:35]} 33. e5 {[%emt 0:01:39]} Be6 {[%emt 0:01:03]} 34. Be4 {[%emt 0:02:19]} Qc5 {[%emt 0:01:15]} 35. Qd2 {[%emt 0:00:48]} Qxe5 {[%emt 0:03:20]} 36. Qb4 {[%emt 0:00:50]} Qc5 {[%emt 0:00:45]} 37. Qd2 {[%emt 0:02:44]} c3 {[%emt 0:00:58]} 38. Qe2 {[%emt 0:01:32]} b4 {[%emt 0:00:28]} 39. f4 {[%emt 0:00:41]} b3 {[%emt 0:02:08]} 0-1

[Event "Paul Keres Memorial-U20 Girls 2020"]
[Site "Parnu"]
[Date "2020.07.30"]
[Round "5.4"]
[White "Norlamo, Sarabella"]
[Black "Muetsch, Annmarie"]
[Result "0-1"]
[WhiteElo "2023"]
[BlackElo "2219"]
[Annotator "ChessBase"]
[PlyCount "74"]
[EventDate "2020.07.27"]
[EventType "tourn"]
[EventCountry "EST"]
[SourceTitle "playchess.com"]
[Source "ChessBase"]
[SourceQuality "1"]
[TimeControl "5400+30"]

1. d4 {[%emt 0:00:00]} Nf6 {[%emt 0:00:00]} 2. c4 {[%emt 0:00:00]} g6 {[%emt 0:00:00]} 3. Nc3 {[%emt 0:00:00]} Bg7 {[%emt 0:00:00]} 4. g3 {[%emt 0:00:18]} d6 {[%emt 0:01:03]} 5. Bg2 {[%emt 0:00:12]} O-O {[%emt 0:00:09]} 6. Nf3 {[%emt 0:00:10]} Nc6 {[%emt 0:03:24]} 7. O-O {[%emt 0:00:20]} a6 {[%emt 0:00:12]} 8. h3 {[%emt 0:06:20]} Bd7 {[%emt 0:00:20]} 9. Be3 {[%emt 0:01:29]} Rb8 {[%emt 0:03:14]} 10. Qd2 {[%emt 0:01:51]} b5 {[%emt 0:02:35]} 11. cxb5 {[%emt 0:03:42]} axb5 {[%emt 0:00:08]} 12. Bh6 {[%emt 0:00:41]} Na5 {[%emt 0:08:10]} 13. Bxg7 {[%emt 0:01:41]} Kxg7 {[%emt 0:00:05]} 14. Qc2 {[%emt 0:06:05]} b4 {[%emt 0:03:49]} 15. Nd1 {[%emt 0:11:23]} Bf5 {[%emt 0:08:40]} 16. Qc1 {[%emt 0:07:59]} Qc8 {[%emt 0:05:47]} 17. Kh2 {[%emt 0:02:05]} Qa6 {[%emt 0:06:21]} 18. Ne3 {[%emt 0:07:10]} Bd7 {[%emt 0:02:38]} 19. Re1 {[%emt 0:04:28]} Rfc8 {[%emt 0:04:53]} 20. b3 {[%emt 0:03:46]} c5 {[%emt 0:03:24]} 21. Qb2 {[%emt 0:05:44]} cxd4 {[%emt 0:02:19]} 22. Nxd4 {[%emt 0:01:23]} e5 {[%emt 0:00:30]} 23. Nf3 {[%emt 0:00:43]} Rc3 {[%emt 0:03:35]} 24. Rec1 {[%emt 0:03:26]} Rbc8 {[%emt 0:04:09]} 25. Rd1 {[%emt 0:07:45]} Bb5 {[%emt 0:02:24]} 26. Rd2 {[%emt 0:00:50]} Ne4 {[%emt 0:02:29]} 27. Rc2 {[%emt 0:02:05]} Qa7 {[%emt 0:12:23]} 28. Nxe5 {[%emt 0:05:57]} Rxc2 {[%emt 0:03:09]} 29. Nxc2 {[%emt 0:00:12]} dxe5 {[%emt 0:00:17]} 30. Bxe4 {[%emt 0:02:10]} Qxf2+ {[%emt 0:00:16]} 31. Kh1 {[%emt 0:00:46]} Qxg3 {[%emt 0:00:24]} 32. Bg2 {[%emt 0:01:52]} Bc6 {[%emt 0:01:02]} 33. Bxc6 {[%emt 0:01:58]} Rxc6 {[%emt 0:00:22]} 34. Rf1 {[%emt 0:02:46]} Qxh3+ {[%emt 0:00:23]} 35. Kg1 {[%emt 0:00:01]} Qg4+ {[%emt 0:00:22]} 36. Kf2 {[%emt 0:00:18]} Rf6+ {[%emt 0:00:30]} 37. Ke1 {[%emt 0:00:15]} Qg3+ {[%emt 0:00:41]} 0-1

[Event "Paul Keres Memorial-U20 Girls 2020"]
[Site "Parnu"]
[Date "2020.07.30"]
[Round "5.5"]
[White "Nilssen, Ellen Fredericia"]
[Black "Limanovska, Elizabete"]
[Result "1-0"]
[WhiteElo "2071"]
[BlackElo "2179"]
[Annotator "ChessBase"]
[PlyCount "107"]
[EventDate "2020.07.27"]
[EventType "tourn"]
[EventCountry "EST"]
[SourceTitle "playchess.com"]
[Source "ChessBase"]
[SourceQuality "1"]
[TimeControl "5400+30"]

1. d4 {[%emt 0:00:00]} Nf6 {[%emt 0:00:00]} 2. c4 {[%emt 0:00:00]} e6 {[%emt 0:00:00]} 3. Nf3 {[%emt 0:00:00]} b6 {[%emt 0:00:00]} 4. a3 {[%emt 0:00:00]} Bb7 {[%emt 0:00:26]} 5. Nc3 {[%emt 0:00:04]} d5 {[%emt 0:00:58]} 6. cxd5 {[%emt 0:00:10]} exd5 {[%emt 0:02:09]} 7. Qa4+ {[%emt 0:00:07]} c6 {[%emt 0:04:10]} 8. Bg5 {[%emt 0:00:22]} Be7 {[%emt 0:01:09]} 9. e3 {[%emt 0:00:08]} h6 {[%emt 0:04:50]} 10. Bh4 {[%emt 0:03:32]} O-O {[%emt 0:00:16]} 11. Bd3 {[%emt 0:00:12]} Ne4 {[%emt 0:09:57]} 12. Bxe4 {[%emt 0:04:28]} Bxh4 {[%emt 0:04:04]} 13. Nxh4 {[%emt 0:01:14]} dxe4 {[%emt 0:06:42]} 14. Nf5 {[%emt 0:00:22]} Ba6 {[%emt 0:06:03]} 15. Nxe4 {[%emt 0:05:20]} Re8 {[%emt 0:01:07]} 16. Nc3 {[%emt 0:05:56]} Bd3 {[%emt 0:06:16]} 17. Ng3 {[%emt 0:00:49]} b5 {[%emt 0:06:46]} 18. Qd1 {[%emt 0:08:40]} Qxd4 {[%emt 0:02:01]} 19. Qd2 {[%emt 0:00:25]} Qd7 {[%emt 0:00:08]} 20. Rd1 {[%emt 0:04:41]} Bf5 {[%emt 0:00:07]} 21. Qxd7 {[%emt 0:01:38]} Bxd7 {[%emt 0:00:06]} 22. Nge4 {[%emt 0:01:56]} a5 {[%emt 0:04:03]} 23. Nc5 {[%emt 0:02:26]} Bf5 {[%emt 0:02:42]} 24. Rd6 {[%emt 0:06:51]} b4 {[%emt 0:09:00]} 25. Ne2 {[%emt 0:01:25]} bxa3 {[%emt 0:02:58]} 26. bxa3 {[%emt 0:00:10]} Na6 {[%emt 0:00:36]} 27. Nxa6 {[%emt 0:06:06]} Rxa6 {[%emt 0:00:05]} 28. Nd4 {[%emt 0:00:13]} Be4 {[%emt 0:03:16]} 29. O-O {[%emt 0:03:31]} Rb6 {[%emt 0:00:11]} 30. Rc1 {[%emt 0:04:09]} Reb8 {[%emt 0:02:43]} 31. f3 {[%emt 0:01:34]} Rb1 {[%emt 0:00:58]} 32. Rxb1 {[%emt 0:00:06]} Rxb1+ {[%emt 0:00:04]} 33. Kf2 {[%emt 0:00:06]} Rb2+ {[%emt 0:01:06]} 34. Kg3 {[%emt 0:00:08]} Bg6 {[%emt 0:01:23]} 35. Rxc6 {[%emt 0:04:28]} Ra2 {[%emt 0:00:10]} 36. Rc3 {[%emt 0:02:07]} a4 {[%emt 0:00:24]} 37. Nc6 {[%emt 0:00:55]} Kh7 {[%emt 0:01:28]} 38. e4 {[%emt 0:04:01]} f6 {[%emt 0:00:58]} 39. Nb4 {[%emt 0:03:58]} Ra1 {[%emt 0:01:49]} 40. Nd5 {[%emt 0:05:39]} Bf7 {[%emt 0:01:44]} 41. Rd3 {[%emt 0:00:38]} Be6 {[%emt 0:02:20]} 42. h4 {[%emt 0:01:35]} Bf7 {[%emt 0:03:08]} 43. Kf4 {[%emt 0:00:18]} h5 {[%emt 0:01:26]} 44. Ke3 {[%emt 0:01:46]} Ra2 {[%emt 0:01:25]} 45. g3 {[%emt 0:00:11]} Be8 {[%emt 0:03:26]} 46. Kd4 {[%emt 0:01:50]} Rg2 {[%emt 0:02:26]} 47. f4 {[%emt 0:00:18]} Bb5 {[%emt 0:00:41]} 48. Re3 {[%emt 0:00:59]} Rc2 {[%emt 0:01:57]} 49. Nc3 {[%emt 0:00:43]} Rd2+ {[%emt 0:01:42]} 50. Kc5 {[%emt 0:00:07]} Rd3 {[%emt 0:00:03]} 51. Rxd3 {[%emt 0:00:19]} Bxd3 {[%emt 0:00:04]} 52. e5 {[%emt 0:00:54]} fxe5 {[%emt 0:00:44]} 53. fxe5 {[%emt 0:00:06]} Bc2 {[%emt 0:00:46]} 54. Kd6 {[%emt 0:01:58]} 1-0

[Event "Paul Keres Memorial-U20 Girls 2020"]
[Site "Parnu"]
[Date "2020.07.30"]
[Round "6.1"]
[White "Olde, Margareth"]
[Black "Limanovska, Elizabete"]
[Result "1-0"]
[WhiteElo "2201"]
[BlackElo "2179"]
[Annotator "RC"]
[PlyCount "109"]
[EventDate "2020.07.27"]
[EventType "tourn"]
[EventCountry "EST"]
[SourceTitle "playchess.com"]
[Source "ChessBase"]
[SourceQuality "1"]
[TimeControl "5400+30"]

1. d4 {[%emt 0:00:00]} Nf6 {[%emt 0:00:00]} 2. c4 {[%emt 0:00:00]} e6 {[%emt 0:00:00]} 3. Nf3 {[%emt 0:00:00]} b6 {[%emt 0:00:00]} 4. g3 {[%emt 0:00:00]} Bb7 {[%emt 0:00:00]} 5. Bg2 {[%emt 0:00:00]} Bb4+ {[%emt 0:00:19]} 6. Bd2 {[%emt 0:00:00]} a5 {[%emt 0:00:38]} 7. Nc3 {[%emt 0:02:27]} Bxc3 {[%emt 0:11:02]} 8. Bxc3 {[%emt 0:00:16]} Ne4 {[%emt 0:02:50]} 9. Rc1 {[%emt 0:01:25]} d5 {[%emt 0:04:33]} 10. cxd5 {[%emt 0:08:10]} exd5 {[%emt 0:00:37]} 11. O-O {[%emt 0:00:36]} O-O {[%emt 0:01:03]} 12. b3 {[%emt 0:06:17]} Nxc3 {[%emt 0:01:35]} 13. Rxc3 {[%emt 0:01:58]} Re8 {[%emt 0:00:45]} 14. e3 {[%emt 0:01:37]} Nd7 {[%emt 0:05:12]} 15. Qc2 {[%emt 0:02:38]} c6 {[%emt 0:00:32]} 16. Rc1 {[%emt 0:05:02]} Qe7 {[%emt 0:07:11]} 17. Qf5 {[%emt 0:06:01]} f6 {[%emt 0:08:28]} 18. Nh4 {[%emt 0:05:46]} g6 {[%emt 0:14:59]} 19. Qg4 {[%emt 0:05:24]} Kh8 {[%emt 0:03:13]} 20. Bh3 {[%emt 0:08:02]} Nf8 {[%emt 0:02:35]} 21. Qf3 {[%emt 0:08:34]} Ne6 {[%emt 0:03:18]} 22. Bg2 {[%emt 0:09:31]} a4 {[%emt 0:09:14]} 23. Qd1 {[%emt 0:02:04]} axb3 {[%emt 0:02:42]} 24. Qxb3 {[%emt 0:02:38]} b5 {[%emt 0:02:32]} 25. Nf3 {[%emt 0:01:07]} Ra4 {[%emt 0:02:58]} 26. Nd2 {[%emt 0:02:00]} Rea8 {[%emt 0:00:43]} 27. R3c2 {[%emt 0:01:09]} Qd8 {[%emt 0:02:22]} 28. Rxc6 {[%emt 0:07:34]} Bxc6 {[%emt 0:00:35]} 29. Rxc6 {[%emt 0:00:04]} Nc7 {[%emt 0:01:21]} 30. Qc3 {[%emt 0:00:35]} R8a7 {[%emt 0:06:00]} 31. Qc5 {[%emt 0:00:28]} Rxa2 {[%emt 0:00:45]} 32. Nb3 {[%emt 0:00:21]} Kg7 {[%emt 0:01:26]} 33. Rd6 {[%emt 0:01:28]} Qe7 {[%emt 0:01:33]} 34. Bxd5 {[%emt 0:05:25]} Na6 {[%emt 0:01:07]} 35. Qb6 {[%emt 0:00:52]} Nb4 {[%emt 0:00:42]} 36. Nc5 {[%emt 0:03:06]} Ra1+ {[%emt 0:01:46]} 37. Kg2 {[%emt 0:00:06]} Nxd5 {[%emt 0:01:55]} 38. Rxd5 {[%emt 0:00:07]} Rb1 {[%emt 0:00:44]} 39. Rd8 {[%emt 0:03:38]} b4 {[%emt 0:01:01]} 40. d5 {[%emt 0:00:12]} b3 {[%emt 0:00:39]} 41. d6 {[%emt 0:00:17]} Qf7 {[%emt 0:00:01]} 42. d7 {[%emt 0:01:22]} b2 {[%emt 0:01:12]} 43. Rg8+ {[%emt 0:02:23]} Qxg8 {[%emt 0:00:43]} 44. d8=Q {[%emt 0:00:29]} Rg1+ {[%emt 0:00:32]} 45. Kxg1 {[%emt 0:00:14]} Ra1+ {[%emt 0:00:02]} 46. Kg2 {[%emt 0:00:10]} Qxd8 {[%emt 0:01:02]} 47. Ne6+ {[%emt 0:00:36]} Kh6 {[%emt 0:00:10]} 48. Qxd8 {[%emt 0:00:23]} b1=Q {[%emt 0:00:02]} 49. Qf8+ {[%emt 0:00:18]} Kh5 {[%emt 0:00:03]} 50. Ng7+ {[%emt 0:00:46]} Kh6 {[%emt 0:00:46]} 51. Ne8+ {[%emt 0:00:50]} Kh5 {[%emt 0:00:19]} 52. Nxf6+ {[%emt 0:00:07]} Kg5 {[%emt 0:00:06]} 53. Nxh7+ {[%emt 0:00:08]} Kh5 {[%emt 0:00:09]} 54. g4+ {[%emt 0:01:11]} Kxg4 {[%emt 0:00:07]} 55. Qf4+ {[%emt 0:00:15]} 1-0

[Event "Paul Keres Memorial-U20 Girls 2020"]
[Site "Parnu"]
[Date "2020.07.30"]
[Round "6.2"]
[White "Muetsch, Annmarie"]
[Black "Nilssen, Ellen Fredericia"]
[Result "1-0"]
[WhiteElo "2219"]
[BlackElo "2071"]
[Annotator "ChessBase"]
[PlyCount "87"]
[EventDate "2020.07.27"]
[EventType "tourn"]
[EventCountry "EST"]
[SourceTitle "playchess.com"]
[Source "ChessBase"]
[SourceQuality "1"]
[TimeControl "5400+30"]

1. e4 {[%emt 0:01:33]} e6 {[%emt 0:00:02]} 2. d4 {[%emt 0:00:00]} d5 {[%emt 0:00:10]} 3. Nd2 {[%emt 0:00:00]} c5 {[%emt 0:00:07]} 4. exd5 {[%emt 0:00:00]} exd5 {[%emt 0:00:18]} 5. Ngf3 {[%emt 0:00:59]} Nc6 {[%emt 0:00:10]} 6. Bb5 {[%emt 0:00:16]} Qe7+ {[%emt 0:00:06]} 7. Be2 {[%emt 0:00:34]} Qc7 {[%emt 0:00:22]} 8. O-O {[%emt 0:00:52]} Nf6 {[%emt 0:00:16]} 9. Re1 {[%emt 0:01:15]} cxd4 {[%emt 0:00:39]} 10. Nb3 {[%emt 0:02:44]} Be7 {[%emt 0:00:10]} 11. Nbxd4 {[%emt 0:01:19]} O-O {[%emt 0:00:31]} 12. h3 {[%emt 0:08:20]} Be6 {[%emt 0:06:38]} 13. Bd3 {[%emt 0:07:27]} Nxd4 {[%emt 0:07:55]} 14. Nxd4 {[%emt 0:00:08]} Bc5 {[%emt 0:00:07]} 15. c3 {[%emt 0:12:37]} Bxd4 {[%emt 0:23:16]} 16. cxd4 {[%emt 0:00:06]} Rfe8 {[%emt 0:00:11]} 17. Bg5 {[%emt 0:05:04]} Nd7 {[%emt 0:00:22]} 18. h4 {[%emt 0:05:44]} h6 {[%emt 0:03:25]} 19. Bd2 {[%emt 0:05:32]} Qd8 {[%emt 0:00:39]} 20. Qh5 {[%emt 0:10:07]} Qf6 {[%emt 0:09:09]} 21. Re3 {[%emt 0:00:35]} Qxd4 {[%emt 0:05:12]} 22. Rg3 {[%emt 0:03:16]} Nf6 {[%emt 0:03:32]} 23. Qxh6 {[%emt 0:08:49]} Bg4 {[%emt 0:05:16]} 24. Qg5 {[%emt 0:03:21]} Qxb2 {[%emt 0:00:21]} 25. Rb1 {[%emt 0:02:10]} Qd4 {[%emt 0:06:55]} 26. Rb4 {[%emt 0:00:36]} Qa1+ {[%emt 0:00:07]} 27. Kh2 {[%emt 0:01:02]} Re5 {[%emt 0:02:18]} 28. Qf4 {[%emt 0:01:12]} Rae8 {[%emt 0:07:41]} 29. Rxg4 {[%emt 0:04:24]} Nxg4+ {[%emt 0:00:07]} 30. Qxg4 {[%emt 0:00:09]} R5e7 {[%emt 0:04:24]} 31. Rd4 {[%emt 0:00:30]} Qxa2 {[%emt 0:01:17]} 32. Qh5 {[%emt 0:05:47]} Re4 {[%emt 0:03:53]} 33. Bxe4 {[%emt 0:01:23]} Rxe4 {[%emt 0:01:16]} 34. Be3 {[%emt 0:01:40]} b5 {[%emt 0:03:32]} 35. Rxe4 {[%emt 0:01:27]} dxe4 {[%emt 0:00:01]} 36. Qxb5 {[%emt 0:00:16]} a5 {[%emt 0:03:00]} 37. Qe8+ {[%emt 0:00:10]} Kh7 {[%emt 0:00:05]} 38. Qxe4+ {[%emt 0:00:05]} Kg8 {[%emt 0:00:05]} 39. Qg4 {[%emt 0:01:52]} Qd5 {[%emt 0:01:17]} 40. g3 {[%emt 0:02:23]} Qc6 {[%emt 0:01:21]} 41. Bd4 {[%emt 0:00:37]} f6 {[%emt 0:00:05]} 42. h5 {[%emt 0:00:44]} a4 {[%emt 0:03:27]} 43. h6 {[%emt 0:00:21]} g5 {[%emt 0:00:05]} 44. Qf5 {[%emt 0:00:10]} 1-0

[Event "Paul Keres Memorial-U20 Girls 2020"]
[Site "Parnu"]
[Date "2020.07.30"]
[Round "6.3"]
[White "Kiolbasa, Oliwia"]
[Black "Norlamo, Sarabella"]
[Result "1-0"]
[WhiteElo "2160"]
[BlackElo "2023"]
[Annotator "ChessBase"]
[PlyCount "105"]
[EventDate "2020.07.27"]
[EventType "tourn"]
[EventCountry "EST"]
[SourceTitle "playchess.com"]
[Source "ChessBase"]
[SourceQuality "1"]
[TimeControl "5400+30"]

1. e4 {[%emt 0:00:43]} e5 {[%emt 0:00:00]} 2. Nf3 {[%emt 0:00:09]} Nc6 {[%emt 0:00:16]} 3. Bb5 {[%emt 0:00:12]} a6 {[%emt 0:00:07]} 4. Ba4 {[%emt 0:00:06]} Nf6 {[%emt 0:00:06]} 5. O-O {[%emt 0:00:14]} b5 {[%emt 0:00:05]} 6. Bb3 {[%emt 0:00:11]} Be7 {[%emt 0:00:06]} 7. Re1 {[%emt 0:00:31]} O-O {[%emt 0:00:08]} 8. h3 {[%emt 0:01:08]} d6 {[%emt 0:00:08]} 9. c3 {[%emt 0:00:27]} Na5 {[%emt 0:00:08]} 10. Bc2 {[%emt 0:00:08]} c5 {[%emt 0:00:07]} 11. d4 {[%emt 0:00:10]} Nd7 {[%emt 0:00:50]} 12. d5 {[%emt 0:00:33]} Nb6 {[%emt 0:00:21]} 13. b3 {[%emt 0:00:34]} f5 {[%emt 0:12:42]} 14. exf5 {[%emt 0:00:22]} Bxf5 {[%emt 0:00:03]} 15. Bxf5 {[%emt 0:01:35]} Rxf5 {[%emt 0:00:02]} 16. Qd3 {[%emt 0:00:17]} Rf7 {[%emt 0:09:06]} 17. Be3 {[%emt 0:03:08]} c4 {[%emt 0:08:14]} 18. Qd1 {[%emt 0:15:55]} Rc8 {[%emt 0:12:36]} 19. b4 {[%emt 0:08:07]} Nb7 {[%emt 0:00:10]} 20. Bxb6 {[%emt 0:02:09]} Qxb6 {[%emt 0:00:04]} 21. Nbd2 {[%emt 0:00:40]} Rff8 {[%emt 0:13:55]} 22. Ne4 {[%emt 0:01:46]} Nd8 {[%emt 0:06:43]} 23. a4 {[%emt 0:08:11]} Nf7 {[%emt 0:00:42]} 24. Re2 {[%emt 0:02:24]} Qb7 {[%emt 0:03:11]} 25. Rea2 {[%emt 0:03:04]} Ra8 {[%emt 0:00:36]} 26. Ne1 {[%emt 0:05:08]} Ng5 {[%emt 0:01:36]} 27. Nxg5 {[%emt 0:02:45]} Bxg5 {[%emt 0:00:02]} 28. Qg4 {[%emt 0:00:29]} Bf6 {[%emt 0:16:11]} 29. Qe6+ {[%emt 0:13:55]} Kh8 {[%emt 0:00:02]} 30. axb5 {[%emt 0:01:07]} axb5 {[%emt 0:00:24]} 31. Rxa8 {[%emt 0:00:56]} Rxa8 {[%emt 0:00:02]} 32. Rxa8+ {[%emt 0:00:49]} Qxa8 {[%emt 0:00:01]} 33. Qxd6 {[%emt 0:00:20]} h6 {[%emt 0:03:17]} 34. Nc2 {[%emt 0:01:26]} Qa4 {[%emt 0:01:26]} 35. Ne3 {[%emt 0:02:13]} Qa1+ {[%emt 0:03:26]} 36. Kh2 {[%emt 0:02:47]} Qxc3 {[%emt 0:00:02]} 37. Qb8+ {[%emt 0:00:40]} Kh7 {[%emt 0:00:09]} 38. Qxb5 {[%emt 0:00:06]} Be7 {[%emt 0:03:30]} 39. Qxc4 {[%emt 0:03:21]} Qxb4 {[%emt 0:03:49]} 40. Qxb4 {[%emt 0:03:21]} Bxb4 {[%emt 0:00:01]} 41. Kg3 {[%emt 0:00:12]} Kg6 {[%emt 0:00:37]} 42. Kf3 {[%emt 0:01:45]} Kf6 {[%emt 0:01:15]} 43. Ke4 {[%emt 0:01:56]} h5 {[%emt 0:01:22]} 44. Nc4 {[%emt 0:03:38]} Bc3 {[%emt 0:00:32]} 45. Nd6 {[%emt 0:00:11]} g6 {[%emt 0:01:08]} 46. Nb5 {[%emt 0:02:46]} Bb4 {[%emt 0:01:35]} 47. Nc7 {[%emt 0:00:26]} Bc3 {[%emt 0:00:57]} 48. d6 {[%emt 0:01:39]} Bb2 {[%emt 0:01:31]} 49. Kd5 {[%emt 0:01:42]} Bd4 {[%emt 0:00:26]} 50. f3 {[%emt 0:01:08]} Bc3 {[%emt 0:00:25]} 51. Ne6 {[%emt 0:00:31]} Bb2 {[%emt 0:00:44]} 52. d7 {[%emt 0:00:14]} Ke7 {[%emt 0:00:01]} 53. d8=Q+ {[%emt 0:00:13]} 1-0

[Event "Paul Keres Memorial-U20 Girls 2020"]
[Site "Parnu"]
[Date "2020.07.30"]
[Round "6.4"]
[White "Nazarova, Anastasia"]
[Black "Tonso, Liina"]
[Result "1-0"]
[WhiteElo "2171"]
[BlackElo "1862"]
[Annotator "TA"]
[PlyCount "121"]
[EventDate "2020.07.27"]
[EventType "tourn"]
[EventCountry "EST"]
[SourceTitle "playchess.com"]
[Source "ChessBase"]
[SourceQuality "1"]

{[%evp 10,121,29,28,37,37,45,41,29,31,113,40,114,119,102,87,93,86,92,93,97,90,105,95,164,113,164,166,220,220,231,180,182,180,170,156,158,159,169,165,221,209,268,275,272,233,285,285,316,323,320,309,446,330,315,347,333,335,300,228,220,223,233,217,205,227,254,240,414,243,243,250,368,240,250,229,358,358,358,358,358,358,417,417,763,0,338,267,584,480,455,452,413,260,400,368,633,616,591,583,582,562,708,637,6379,1982,29978,29979,29981,29982,29987,29983,29988,29989]} 1. e4 c6 2. d4 d5 3. exd5 cxd5 4. Bd3 Nc6 5. c3 g6 6. Nf3 Bf5 {B13: Caro-Kann: Exchange Variation and Panov-Botvinnik Attack.} 7. Bxf5 gxf5 8. O-O e6 {White is slightly better.} 9. Re1 Bd6 {[#]} (9... Nf6 $14) 10. Bg5 (10. c4 $1 $16 {[%cal Rc4d5] cxd5 is the strong threat.} Nge7 11. Bg5) 10... Qc7 {[#]} (10... Be7 $1 $14 11. Bf4 Nf6) 11. c4 $146 {[%cal Rc4d5]} ({Predecessor:} 11. Nbd2 Nge7 12. g3 Rg8 13. Rc1 f4 14. Bxe7 Nxe7 15. Nf1 fxg3 16. fxg3 Nf5 17. Qe2 {0-1 (64) Dudzinski,P (2241)-Wilk,K (2125) Katowice 2017}) 11... Nge7 12. cxd5 (12. Bf6 {keeps more tension.} Rg8 13. c5 Bf4 14. Nc3 Kf8 15. b4) 12... Nxd5 13. Nc3 $36 {[%mdl 2048] White has strong initiative.} Nxc3 14. bxc3 {Black must now prevent d5.} Be7 15. Bxe7 Qxe7 16. Rb1 O-O (16... O-O-O $16) 17. Rb5 ({Better is} 17. Qc1 $18) 17... Qf6 (17... Qd7 $16 {was called for.}) 18. Rxb7 $18 Kh8 (18... Rfb8 $142 19. Qb3 Qd8) 19. Qd2 Rg8 20. Rc7 Rac8 21. Rxc8 Rxc8 22. Qf4 Ne7 23. Rc1 Nd5 24. Qd2 Rg8 (24... Kg7 $142 25. c4 Qh6 26. Qxh6+ Kxh6) 25. c4 Qg7 {[%csl Gg8][%cal Rg7g2]} 26. g3 Nf6 27. Qf4 Ne4 28. c5 Nf6 29. Rb1 Nd5 30. Qe5 Rc8 (30... Qxe5 $142 31. Nxe5 f6) 31. Ng5 {Strongly threatening Nxf7+.} Kg8 32. Rb8 Ne7 33. Rxc8+ Nxc8 34. Qb8 Qxg5 35. Qxc8+ {[%mdl 4096] Endgame KQ-KQ} Kg7 36. Qc7 Qd2 37. Qe5+ Kg6 38. a3 a5 $2 (38... h5 39. h4 Kh7) 39. Kg2 (39. h4 $142) 39... Qc2 40. h4 h6 (40... h5 $142 41. Qe3 Kh7) 41. Qe3 a4 42. Qf3 Qc4 (42... h5 {was necessary.} 43. Qe3 Kg7) 43. h5+ Kg7 44. Qe3 Qd5+ 45. Kh2 Qc4 46. Qe5+ Kh7 (46... Kg8 $142 47. Kg2 Qb5) 47. Qe3 $2 (47. Qf6 $18 Kg8 48. Qxh6) 47... Qd5 $2 {[%mdl 8192]} (47... Kg7 $11) 48. Qc3 {Hoping for c6.} Qc6 $2 (48... Qb3 {is tougher.} 49. Qc1 Qf3) 49. Qc2 Kg7 50. Kg1 Kg8 51. Qc4 Kg7 (51... f4 $142 52. gxf4 Kf8) 52. Qe2 Kh7 $2 (52... Qb7 53. Qe5+ Kg8) 53. Qe5 Qb7 {[#]} 54. d5 $1 {[%mdl 512]} exd5 (54... Qxd5 55. Qxd5) 55. Qxf5+ Kg7 56. Qe5+ Kh7 57. Qf6 (57. Qe8 $142 Kg7 58. c6) 57... d4 58. c6 {[%cal Bc5c6,Bc6c7][%mdl 32] White mates.} Qb1+ {[#]} 59. Kh2 $1 Qb5 60. Qxf7+ Kh8 61. c7 {Accuracy: White = 74%, Black = 36%.} 1-0